000 00755nam a2200289Ia 4500
003 OSt
005 20221006142621.0
006 a|||||r|||| 00| 0
007 ta
008 221006b |||||||| |||| 00| 0 eng d
020 _cP20.00
024 _a6,765
037 _cTextual
040 _aEASL
_cEASL
_beng
041 _2eng
_aeng
082 _aY:1.41.A, L8
100 _aMASPERO Henry
_9647998
245 0 _aChina in antiquity
260 _aKent
_bDawson
_c1978
300 _a528p.
_ccm.
490 _v CEL
650 _a China civilization
_9583158
650 _aCEL
700 _a KIERMAN JR Frank A Tr.
_9647999
942 _hY:1.41.A, L8
_cTEXL
_2CC
999 _c1074851
_d1074851